000 00347nam a22001337a 4500
003 SGT
020 _a9789388583862
082 _a200
_bB20S
100 _aशर्मा, यति
245 _aबंद खिड़कियों का दर्द
260 _bसाहित्यभूमि
_c2020
300 _a111
942 _2ddc
_cBK
999 _c31802
_d31802